000 00713nam a2200229Ia 4500
003 OSt
005 20220918105511.0
006 a|||||r|||| 00| 0
007 ta
008 220915b |||||||| |||| 00| 0 hin d
024 _a208142
037 _cReference Collections
040 _aARTS
_cARTS
_bhin
041 _2hin
_ahin
082 _aP152:4k, 142K2(RR)
100 _aउलत्सिफेरोव, जो ग
_91745
245 0 _aछात्रोपयोगी शब्दकोष
246 _aChhātropayogī shabdakoṣha
260 _c1973
942 _hP152:4k, 142K2(RR)
_cREF
999 _c107631
_d107631